000 00811 a2200193 4500
003 Nust
005 20230301155733.0
010 _a37009922
040 _cNust
082 _a330,BON
100 _aBonavia, Michael Robert.
_9109694
245 _aThe Economics of transport /
_cMichael R. Bonavia
_hwith an introduction by J.M. Keynes
260 _aNisbet & Co. Ltd
_bLondon
_cetc., etc., 1936
300 _a2 p. l., vii-x, 202 p
_bdiagr
_c20 cm
505 _aThe Function Of Transport (Page-1), The Means Of Transport (Page-14), The Organization Of Transport (Page-42), Competition In Transport (Page-79), Monopoly In Transport (Page-112), The Control And Coordination Of Transport (Page-158).
600 _aBonavia, Michael Robert.
_9109694
650 _aThe Economics of transport,
_9109695
942 _2ddc
_cBK
999 _c184467
_d184467